[Event "POR-ch rapid (Women)"]
[Site "Matosinhos"]
[Date "2016.03.19"]
[Round "4"]
[White "Oliveira, Maria Ines"]
[Black "Nogueira, Diana Sofia Cunha"]
[Result "1-0"]
[WhiteElo "1910"]
[BlackElo "1573"]
[PlyCount "77"]
[EventDate "2016.03.19"]
[EventType "swiss (rapid)"]
[EventRounds "6"]
[EventCountry "POR"]
[SourceTitle "EXT 2018"]
[Source "ChessBase"]
[SourceDate "2017.10.13"]
[SourceVersion "1"]
[SourceVersionDate "2017.10.13"]
[SourceQuality "1"]

1. e4 e5 2. Nf3 Nc6 3. Bb5 a6 4. Ba4 Be7 5. d3 b5 6. Bb3 Nf6 7. c3 0-0 8. Nbd2 d6 9. Nf1 h6 10. Ng3 Re8 11. a4 Bd7 12. 0-0 Bf8 13. axb5 axb5 14. Rxa8 Qxa8 15. Nh4 Be6 16. Nhf5 Kh7 17. Bc2 g6 18. Ne3 b4 19. d4 exd4 20. cxd4 Bd7 21. Bb3 Re7 22. Nd5 Nxd5 23. Bxd5 Qa7 24. Be3 Bg7 25. Bxc6 Bxc6 26. d5 Qa6 27. dxc6 Bxb2 28. Bxh6 Qxc6 29. Qg4 Bf6 30. Bg5 Bxg5 31. Qxg5 Re5 32. Qf6 Qc4 33. f4 Rb5 34. f5 b3 35. Qh4+ Kg8 36. fxg6 fxg6 37. Qd8+ Kg7 38. Qe7+ Kh6 39. Qf8+ 1-0

[Event "POR-ch rapid (Women)"]
[Site "Matosinhos"]
[Date "2016.03.19"]
[Round "6"]
[White "Oliveira, Maria Ines"]
[Black "Silva, Ana Ines Teixeira D"]
[Result "1-0"]
[WhiteElo "1910"]
[BlackElo "1545"]
[PlyCount "49"]
[EventDate "2016.03.19"]
[EventType "swiss (rapid)"]
[EventRounds "6"]
[EventCountry "POR"]
[SourceTitle "EXT 2018"]
[Source "ChessBase"]
[SourceDate "2017.10.13"]
[SourceVersion "1"]
[SourceVersionDate "2017.10.13"]
[SourceQuality "1"]

1. e4 c6 2. d4 d5 3. Nc3 dxe4 4. Nxe4 Nd7 5. Nf3 Ngf6 6. Nxf6+ Nxf6 7. Bc4 g6 8. Ne5 Nd5 9. Qf3 Be6 10. Bb3 Bg7 11. 0-0 0-0 12. c4 Nb6 13. Rd1 a5 14. a4 f6 15. Ng4 Nxc4 16. Qe2 Qd5 17. Ne3 Qe4 18. Bxc4 f5 19. f3 Qh4 20. Bxe6+ Kh8 21. Qf2 Qf6 22. Bb3 Rad8 23. Bd2 h5 24. Bc3 Qg5 25. f4 1-0

[Event "Portugal op"]
[Site "Oeiras"]
[Date "2015.09.04"]
[Round "8"]
[White "Gil Quilez, Sonia"]
[Black "Oliveira, Maria Ines"]
[Result "1-0"]
[WhiteElo "2101"]
[BlackElo "2012"]
[PlyCount "103"]
[EventDate "2015.08.30"]
[EventType "swiss"]
[EventRounds "9"]
[EventCountry "POR"]
[SourceTitle "EXT 2016"]
[Source "ChessBase"]
[SourceDate "2015.10.08"]
[SourceVersion "1"]
[SourceVersionDate "2015.10.08"]
[SourceQuality "1"]

1. d4 Nf6 2. c4 e6 3. Nc3 Bb4 4. Qc2 Nc6 5. Nf3 d6 6. a3 Bxc3+ 7. Qxc3 Ne4 8. Qc2 f5 9. b4 Ne7 10. Nd2 Nf6 11. Bb2 0-0 12. e3 Qe8 13. Bd3 Qh5 14. Be2 Qh6 15. h3 Ng6 16. 0-0-0 e5 17. g4 exd4 18. Bxd4 Nh4 19. Rdg1 Nd7 20. Nf3 Nxf3 21. Bxf3 Ne5 22. Bd5+ Kh8 23. f4 Ng6 24. g5 Qh4 25. Qc3 Rg8 26. Bxg8 Kxg8 27. Bxg7 Qf2 28. Bh6 Kf7 29. Qg7+ Ke8 30. Qg8+ Kd7 31. Qxh7+ Ne7 32. Re1 Qa2 33. Qg7 Qxc4+ 34. Kb2 a5 35. Qc3 Qe4 36. Qc2 Qe6 37. b5 a4 38. e4 Ra5 39. Qd3 Qf7 40. Re3 c6 41. bxc6+ bxc6 42. e5 Qg8 43. Qxd6+ Ke8 44. Rd1 Nd5 45. Red3 Rb5+ 46. Ka1 Bd7 47. g6 Rb7 48. Rxd5 cxd5 49. Rxd5 Rc7 50. Qxc7 Qxd5 51. Qb8+ Ke7 52. Qf8+ 1-0

[Event "Portugal op"]
[Site "Oeiras"]
[Date "2015.09.03"]
[Round "7"]
[White "Oliveira, Maria Ines"]
[Black "Gonzalez Perez, Arian"]
[Result "0-1"]
[WhiteElo "2012"]
[BlackElo "2440"]
[PlyCount "56"]
[EventDate "2015.08.30"]
[EventType "swiss"]
[EventRounds "9"]
[EventCountry "POR"]
[SourceTitle "EXT 2016"]
[Source "ChessBase"]
[SourceDate "2015.10.08"]
[SourceVersion "1"]
[SourceVersionDate "2015.10.08"]
[SourceQuality "1"]

1. e4 c5 2. Nf3 Nc6 3. d4 cxd4 4. Nxd4 g6 5. Nc3 Bg7 6. Be3 Nf6 7. Bc4 0-0 8. Bb3 d6 9. f3 Bd7 10. h4 Rc8 11. Qd2 h5 12. 0-0-0 Ne5 13. Kb1 Nc4 14. Bxc4 Rxc4 15. Nd5 Nxd5 16. exd5 Qc7 17. Rhe1 Rc8 18. Re2 Qb6 19. Nb3 Qb5 20. Qa5 Qxa5 21. Nxa5 Rxh4 22. Bxa7 Ra4 23. Bb6 Rb4 24. Bf2 Rxb2+ 25. Kc1 Bf5 26. Rdd2 Rxa2 27. Nb3 Bc3 28. Rd1 Rca8 0-1

[Event "Portugal op"]
[Site "Oeiras"]
[Date "2015.09.02"]
[Round "6"]
[White "Cordovil, Joao Maria"]
[Black "Oliveira, Maria Ines"]
[Result "0-1"]
[WhiteElo "2160"]
[BlackElo "2012"]
[PlyCount "83"]
[EventDate "2015.08.30"]
[EventType "swiss"]
[EventRounds "9"]
[EventCountry "POR"]
[SourceTitle "EXT 2016"]
[Source "ChessBase"]
[SourceDate "2015.10.08"]
[SourceVersion "1"]
[SourceVersionDate "2015.10.08"]
[SourceQuality "1"]

1. e4 c5 2. Ne2 e6 3. d3 Nc6 4. g3 Nf6 5. Bg2 Be7 6. 0-0 0-0 7. f4 d5 8. e5 Nd7 9. c3 Qc7 10. Nd2 b5 11. a4 bxa4 12. Qxa4 Rb8 13. Nf3 a5 14. Qc2 Ba6 15. Rf2 Rbc8 16. h4 f5 17. Ng5 Nd8 18. Bd2 h6 19. Nxe6 Nxe6 20. Bxd5 Kf7 21. d4 g6 22. c4 Nb6 23. Bxa5 Qb8 24. Bxe6+ Kxe6 25. d5+ Kf7 26. b3 Bd8 27. Bc3 Bb7 28. h5 Nxd5 29. hxg6+ Kxg6 30. cxd5 Bxd5 31. g4 Be4 32. gxf5+ Bxf5 33. Ra6+ Kh7 34. Qd1 Rg8+ 35. Kh2 Qb7 36. Qd6 Rg6 37. Qf8 Qxa6 38. Qxf5 Bh4 39. Rg2 Rcg8 40. Ng1 Qc6 41. Rd2 Bg3+ 42. Kh3 0-1

[Event "Portugal op"]
[Site "Oeiras"]
[Date "2015.08.31"]
[Round "3"]
[White "Oliveira, Maria Ines"]
[Black "Antunes, Ricardo Miguel Mais"]
[Result "1-0"]
[WhiteElo "2012"]
[BlackElo "1410"]
[PlyCount "41"]
[EventDate "2015.08.30"]
[EventType "swiss"]
[EventRounds "9"]
[EventCountry "POR"]
[SourceTitle "EXT 2016"]
[Source "ChessBase"]
[SourceDate "2015.10.08"]
[SourceVersion "1"]
[SourceVersionDate "2015.10.08"]
[SourceQuality "1"]

1. e4 c5 2. Nf3 Nc6 3. d4 cxd4 4. Nxd4 g6 5. Nc3 Bg7 6. Be3 Nf6 7. Bc4 d6 8. f3 Qb6 9. Nf5 Qxb2 10. Nxg7+ Kf8 11. Nd5 Kxg7 12. Rb1 Qa3 13. Qd2 h6 14. Nxf6 exf6 15. 0-0 g5 16. f4 Rf8 17. fxg5 fxg5 18. Rb3 Qxa2 19. Bxg5 hxg5 20. Qxg5+ Kh7 21. Qh5+ 1-0

[Event "Budapest FS09 FM-A"]
[Site "Budapest"]
[Date "2014.09.08"]
[Round "3"]
[White "Oliveira, Maria Ines"]
[Black "Prorok, Marton"]
[Result "1/2-1/2"]
[WhiteElo "1960"]
[BlackElo "2292"]
[PlyCount "60"]
[EventDate "2014.09.06"]
[EventType "tourn"]
[EventRounds "11"]
[EventCountry "HUN"]
[SourceTitle "CBM 162 Extra"]
[Source "ChessBase"]
[SourceDate "2014.10.17"]
[SourceVersion "1"]
[SourceVersionDate "2014.10.17"]
[SourceQuality "1"]

1. e4 c5 2. Nf3 d6 3. d4 cxd4 4. Nxd4 Nf6 5. Nc3 g6 6. Be3 Bg7 7. f3 h5 8. Qd2 Nc6 9. 0-0-0 0-0 10. Kb1 Nxd4 11. Bxd4 Be6 12. h3 b5 13. Bxb5 Rb8 14. Bxa7 Bxa2+ 15. Nxa2 Rxb5 16. Bd4 Qa8 17. b3 Ra5 18. Nb4 Ra1+ 19. Bxa1 Nxe4 20. Qd4 Bxd4 21. Bxd4 Qb7 22. Nd3 e5 23. Bb2 Ng3 24. Rhe1 f5 25. Rd2 e4 26. Nf4 g5 27. Ne6 Qb4 28. c3 Qxb3 29. Nxf8 Kxf8 30. Rxd6 Qb5 1/2-1/2

[Event "POR-chT"]
[Site "Caldas da Rainha"]
[Date "2014.08.19"]
[Round "4.1"]
[White "Martinez Duany, Lelys Stanley"]
[Black "Oliveira, Maria Ines"]
[Result "1-0"]
[WhiteElo "2465"]
[BlackElo "1890"]
[PlyCount "91"]
[EventDate "2014.08.17"]
[EventType "team-tourn"]
[EventRounds "9"]
[EventCountry "POR"]
[SourceTitle "CBM 161 Extra"]
[Source "ChessBase"]
[SourceDate "2014.08.29"]
[SourceVersion "1"]
[SourceVersionDate "2014.08.29"]
[SourceQuality "1"]
[WhiteTeam "Dias Ferreira"]
[BlackTeam "AAD NXVSC"]
[WhiteTeamCountry "POR"]
[BlackTeamCountry "POR"]

1. e4 c5 2. a3 e6 3. b4 b6 4. bxc5 bxc5 5. Nf3 Bb7 6. Nc3 d6 7. Rb1 Qc8 8. Bb5+ Nd7 9. 0-0 Be7 10. d4 cxd4 11. Qxd4 Bc6 12. e5 dxe5 13. Nxe5 Nxe5 14. Qxe5 Nf6 15. Bxc6+ Qxc6 16. Rb8+ Rxb8 17. Qxb8+ Bd8 18. Rd1 Qb6 19. Qc8 Qc7 20. Qxc7 Bxc7 21. Be3 Bb6 22. Rb1 Nd7 23. Nb5 Ke7 24. Nxa7 Bxa7 25. Bxa7 Ra8 26. Bd4 e5 27. Bc3 Ke6 28. Bb4 Nb6 29. Kf1 Rc8 30. Rc1 Kd5 31. Rd1+ Kc4 32. Rd6 Nd5 33. Rd7 Nxb4 34. axb4 f5 35. Rxg7 Kxb4 36. Rxh7 Rxc2 37. Rh5 Rc1+ 38. Ke2 Rc2+ 39. Ke1 Rc1+ 40. Kd2 Rh1 41. Ke2 Kc4 42. h3 Rg1 43. Rxf5 Rxg2 44. Rxe5 Kd4 45. Re3 Rh2 46. Kf1 1-0

[Event "Olympiad Women-41"]
[Site "Tromsoe"]
[Date "2014.08.11"]
[Round "9.2"]
[White "Oliveira, Maria Ines"]
[Black "Mezioud, Amina"]
[Result "1/2-1/2"]
[WhiteElo "1890"]
[BlackElo "2052"]
[PlyCount "107"]
[EventDate "2014.08.02"]
[EventType "team-swiss"]
[EventRounds "11"]
[EventCountry "NOR"]
[SourceTitle "CBM 162"]
[Source "ChessBase"]
[SourceDate "2014.09.17"]
[SourceVersion "1"]
[SourceVersionDate "2014.09.17"]
[SourceQuality "1"]
[WhiteTeam "Portugal (W)"]
[BlackTeam "Algeria (W)"]
[WhiteTeamCountry "POR"]
[BlackTeamCountry "ALG"]

1. e4 d6 2. d4 Nf6 3. Nc3 c6 4. f4 Qa5 5. Bd3 e5 6. Nf3 Bg4 7. dxe5 dxe5 8. fxe5 Nfd7 9. Bf4 Bb4 10. 0-0 Bxc3 11. bxc3 Qxc3 12. h3 Bxf3 13. Qxf3 0-0 14. Rab1 b6 15. Qg3 Re8 16. Qf3 Qc5+ 17. Kh1 Qf8 18. Bc4 b5 19. Bb3 Nc5 20. e6 fxe6 21. Qd1 Rd8 22. Qg4 Qe8 23. Be5 Qg6 24. Qh4 Nbd7 25. Rbd1 Re8 26. Bb2 Rad8 27. Rf4 h5 28. Rf3 Nxe4 29. Rfd3 Qf7 30. Qxe4 Nc5 31. Qe2 Nxd3 32. Rxd3 Rxd3 33. cxd3 Qf5 34. Bd4 a5 35. Qe4 Qxe4 36. dxe4 a4 37. Bc2 e5 38. Be3 Kf7 39. Kg1 Ke6 40. Kf2 Kd6 41. Ke2 c5 42. Kd3 Kc6 43. Kc3 Rd8 44. Kb2 Rd6 45. h4 Kb6 46. Kc3 Rc6 47. Bd3 Ka5 48. Bc2 Rc8 49. Bb1 g6 50. Bc2 Kb6 51. Bb1 Rf8 52. Bd3 Kc6 53. Be2 Ra8 54. Bd3 1/2-1/2

[Event "Olympiad Women-41"]
[Site "Tromsoe"]
[Date "2014.08.06"]
[Round "5.2"]
[White "Oliveira, Maria Ines"]
[Black "Nekrasova, Elena"]
[Result "1/2-1/2"]
[WhiteElo "1890"]
[BlackElo "2076"]
[PlyCount "61"]
[EventDate "2014.08.02"]
[EventType "team-swiss"]
[EventRounds "11"]
[EventCountry "NOR"]
[SourceTitle "CBM 162"]
[Source "ChessBase"]
[SourceDate "2014.09.17"]
[SourceVersion "1"]
[SourceVersionDate "2014.09.17"]
[SourceQuality "1"]
[WhiteTeam "Portugal (W)"]
[BlackTeam "Lebanon (W)"]
[WhiteTeamCountry "POR"]
[BlackTeamCountry "LBN"]

1. e4 c5 2. Nf3 e6 3. d4 cxd4 4. Nxd4 Nf6 5. Nc3 Nc6 6. Ndb5 Bb4 7. a3 Bxc3+ 8. Nxc3 d5 9. exd5 exd5 10. Bd3 d4 11. Ne2 0-0 12. 0-0 Qd5 13. Re1 Re8 14. Bf4 Bf5 15. Bg3 Ne4 16. Nf4 Qd7 17. Qh5 Nxg3 18. hxg3 Bxd3 19. Nxd3 b6 20. Rad1 Rac8 21. Ne5 Nxe5 22. Rxe5 Rxc2 23. Rxd4 Qc8 24. Rxe8+ Qxe8 25. Qe5 Rc8 26. Qxe8+ Rxe8 27. Kf1 Kf8 28. Rd7 Re7 29. Rd8+ Re8 30. Rd7 Re7 31. Rd8+ 1/2-1/2

[Event "POR-ch U18"]
[Site "Luso"]
[Date "2014.07.25"]
[Round "4"]
[White "Fernandes, Miguel A Murtinho"]
[Black "Oliveira, Maria Ines"]
[Result "1-0"]
[WhiteElo "1752"]
[BlackElo "1967"]
[PlyCount "86"]
[EventDate "2014.07.23"]
[EventType "swiss"]
[EventRounds "7"]
[EventCountry "POR"]
[SourceTitle "EXT 2015"]
[Source "ChessBase"]
[SourceDate "2014.11.20"]
[SourceVersion "1"]
[SourceVersionDate "2014.11.20"]
[SourceQuality "1"]

1. d4 Nf6 2. c4 e6 3. Nf3 Bb4+ 4. Nbd2 b6 5. a3 Bxd2+ 6. Qxd2 Bb7 7. e3 d6 8. Be2 Nbd7 9. 0-0 0-0 10. b3 Ne4 11. Qc2 f5 12. Ne1 Qe8 13. f3 Nef6 14. Bb2 Qg6 15. Rd1 Rae8 16. Rf2 Kh8 17. b4 Ba8 18. Qa4 a6 19. Qxa6 Bc6 20. Qa7 f4 21. exf4 Rc8 22. b5 Ba8 23. Nd3 Nh5 24. Bc1 Rf7 25. Qa4 Rcf8 26. Qb3 Ndf6 27. Ne1 Ng8 28. Nd3 Ngf6 29. Qc3 Ng8 30. Kh1 Ne7 31. Kg1 Ng8 32. Re1 Ne7 33. Bd1 Nf5 34. Bb3 Nh4 35. Bd1 Nf5 36. c5 bxc5 37. dxc5 dxc5 38. Ne5 Qf6 39. Nxf7+ Qxf7 40. Qxc5 Nh4 41. Bb3 Nxf4 42. Bxf4 Qxf4 43. Qb4 Qg5 1-0

[Event "POR-ch U18"]
[Site "Luso"]
[Date "2014.07.23"]
[Round "1"]
[White "Oliveira, Maria Ines"]
[Black "Gomes, Hugo Antonio Alexan"]
[Result "1/2-1/2"]
[WhiteElo "1967"]
[BlackElo "1630"]
[PlyCount "89"]
[EventDate "2014.07.23"]
[EventType "swiss"]
[EventRounds "7"]
[EventCountry "POR"]
[SourceTitle "EXT 2015"]
[Source "ChessBase"]
[SourceDate "2014.11.20"]
[SourceVersion "1"]
[SourceVersionDate "2014.11.20"]
[SourceQuality "1"]

1. e4 c5 2. Nf3 e6 3. d4 cxd4 4. Nxd4 a6 5. Nc3 Qc7 6. Bd3 Nf6 7. 0-0 Bc5 8. Nb3 Be7 9. f4 d6 10. Qe2 Nc6 11. Bd2 0-0 12. Rae1 b5 13. Kh1 Re8 14. e5 Nd7 15. exd6 Qxd6 16. Ne4 Qc7 17. Rf3 f5 18. Ng5 Bxg5 19. fxg5 Bb7 20. Re3 g6 21. Rxe6 Nde5 22. Nc5 Rxe6 23. Nxe6 Qd6 24. Nf4 Re8 25. a4 Re7 26. Qf1 bxa4 27. Bc4+ Kf8 28. Bd5 Nd4 29. Bxb7 Rxb7 30. Bc3 Ndc6 31. Rd1 Qe7 32. Qxa6 Rd7 33. Qc8+ Kf7 34. Rxd7 Qxd7 35. Qxd7+ Nxd7 36. Nd5 Nc5 37. Nf6 Ne4 38. Nxe4 fxe4 39. Kg1 Ke6 40. Kf2 Kf5 41. Ke3 Ne7 42. Bd2 Ke5 43. c4 Nf5+ 44. Ke2 Kd4 45. g4 1/2-1/2

[Event "Gaia Profigaia op 7th"]
[Site "Vila Nova de Gaia"]
[Date "2014.07.04"]
[Round "9"]
[White "Oliveira, Maria Ines"]
[Black "Pintor, Simao Maciel Abranc"]
[Result "0-1"]
[WhiteElo "1989"]
[BlackElo "1979"]
[PlyCount "82"]
[EventDate "2014.06.28"]
[EventType "swiss"]
[EventRounds "9"]
[EventCountry "POR"]
[SourceTitle "CBM 161 Extra"]
[Source "ChessBase"]
[SourceDate "2014.08.29"]
[SourceVersion "1"]
[SourceVersionDate "2014.08.29"]
[SourceQuality "1"]

1. e4 c5 2. Nf3 d6 3. d4 cxd4 4. Nxd4 Nf6 5. Nc3 a6 6. h3 e5 7. Nb3 Be6 8. Be3 Be7 9. f4 exf4 10. Bxf4 Nc6 11. Qe2 Ne5 12. 0-0-0 Qc7 13. g4 0-0 14. Kb1 Bc4 15. Qg2 b5 16. Nd4 Rfc8 17. Nf5 Bf8 18. g5 Nh5 19. Bc1 b4 20. Nd5 Bxd5 21. Rxd5 a5 22. Nd4 a4 23. Be2 a3 24. b3 g6 25. Bxh5 gxh5 26. Qe2 Qc3 27. Nb5 Qf3 28. Qxf3 Nxf3 29. Rf1 Ne5 30. Nxd6 Bxd6 31. Rxd6 Rc6 32. Rfd1 Rac8 33. Rxc6 Nxc6 34. Bd2 Rd8 35. Kc1 Nd4 36. h4 Ne2+ 37. Kb1 Nc3+ 38. Kc1 Nxa2+ 39. Kb1 Nc3+ 40. Kc1 Nxd1 41. Kxd1 a2 0-1

[Event "Coimbra op"]
[Site "Coimbra"]
[Date "2014.04.27"]
[Round "6"]
[White "Costa, Paulo Jorge Lopes"]
[Black "Oliveira, Maria Ines"]
[Result "1/2-1/2"]
[WhiteElo "2125"]
[BlackElo "1954"]
[PlyCount "46"]
[EventDate "2014.04.25"]
[EventType "swiss"]
[EventRounds "7"]
[EventCountry "POR"]
[SourceTitle "CBM 160 Extra"]
[Source "ChessBase"]
[SourceDate "2014.07.01"]
[SourceVersion "1"]
[SourceVersionDate "2014.07.01"]
[SourceQuality "1"]

1. d4 Nf6 2. Nf3 e6 3. g3 Be7 4. Bg2 d5 5. 0-0 0-0 6. c4 Nbd7 7. Qc2 c6 8. Nbd2 b6 9. e4 Bb7 10. b3 Rc8 11. Bb2 c5 12. exd5 exd5 13. Nh4 Re8 14. Nf5 Bf8 15. Rfe1 Qc7 16. dxc5 Bxc5 17. Qc3 dxc4 18. Bxb7 Qxb7 19. Nxc4 Qd5 20. Rxe8+ Rxe8 21. Nce3 Qf3 22. b4 Bxe3 23. Nxe3 Ne5 1/2-1/2

[Event "Coimbra op"]
[Site "Coimbra"]
[Date "2014.04.27"]
[Round "7"]
[White "Oliveira, Maria Ines"]
[Black "Pereira, Antonio Pedro Caram"]
[Result "1-0"]
[WhiteElo "1954"]
[BlackElo "2104"]
[PlyCount "57"]
[EventDate "2014.04.25"]
[EventType "swiss"]
[EventRounds "7"]
[EventCountry "POR"]
[SourceTitle "CBM 160 Extra"]
[Source "ChessBase"]
[SourceDate "2014.07.01"]
[SourceVersion "1"]
[SourceVersionDate "2014.07.01"]
[SourceQuality "1"]

1. e4 c5 2. Nf3 d6 3. d4 cxd4 4. Nxd4 Nf6 5. Nc3 a6 6. h3 e5 7. Nb3 Be7 8. Be3 Be6 9. Qd2 0-0 10. 0-0-0 a5 11. a4 Nc6 12. g4 Nb4 13. g5 Ne8 14. f4 exf4 15. Bxf4 Rc8 16. Kb1 f6 17. Nd4 Bf7 18. h4 d5 19. Bh3 Rc6 20. Nxc6 bxc6 21. exd5 cxd5 22. Nb5 Bg6 23. Nd4 Nd6 24. Be6+ Kh8 25. Bxd6 Bxd6 26. Bf5 Bxf5 27. Nxf5 Qd7 28. Nxd6 Qxa4 29. Qc3 1-0

[Event "POR-ch (Women)"]
[Site "Lisbon"]
[Date "2014.04.14"]
[Round "3"]
[White "Monteiro, Sara Cristina da Si"]
[Black "Oliveira, Maria Ines"]
[Result "0-1"]
[WhiteElo "1814"]
[BlackElo "1954"]
[PlyCount "42"]
[EventDate "2014.04.13"]
[EventType "swiss"]
[EventRounds "6"]
[EventCountry "POR"]
[SourceTitle "EXT 2015"]
[Source "ChessBase"]
[SourceDate "2014.11.20"]
[SourceVersion "1"]
[SourceVersionDate "2014.11.20"]
[SourceQuality "1"]

1. d4 Nf6 2. c4 e6 3. Nc3 Bb4 4. Bd2 b6 5. a3 Bxc3 6. Bxc3 Bb7 7. b3 d6 8. Nf3 Nbd7 9. e3 Ne4 10. Bb2 f5 11. Nd2 0-0 12. Nxe4 Bxe4 13. f3 Bb7 14. Bd3 Qh4+ 15. g3 Qg5 16. Qe2 e5 17. 0-0 Rae8 18. Qf2 f4 19. exf4 exf4 20. Kg2 fxg3 21. Qxg3 Qd2+ 0-1

[Event "Porto Axis op"]
[Site "Porto"]
[Date "2014.03.15"]
[Round "5"]
[White "Oliveira, Maria Ines"]
[Black "Silva, Luis Neves Da"]
[Result "0-1"]
[WhiteElo "1970"]
[BlackElo "2232"]
[PlyCount "62"]
[EventDate "2014.03.11"]
[EventType "swiss"]
[EventRounds "7"]
[EventCountry "POR"]
[SourceTitle "EXT 2015"]
[Source "ChessBase"]
[SourceDate "2014.11.20"]
[SourceVersion "1"]
[SourceVersionDate "2014.11.20"]
[SourceQuality "1"]

1. e4 Nc6 2. Nf3 e5 3. Bb5 a6 4. Ba4 Nge7 5. c3 g6 6. d4 exd4 7. cxd4 Bg7 8. d5 b5 9. Bb3 Na5 10. Bd2 c5 11. d6 Nec6 12. Nc3 Nxb3 13. axb3 Nd4 14. Nxd4 cxd4 15. Nxb5 0-0 16. Nc7 Rb8 17. Nd5 Qh4 18. Qf3 Bb7 19. g3 Qd8 20. Ba5 Qg5 21. Bd2 Qd8 22. Ba5 Qe8 23. 0-0 f5 24. Ne7+ Kh8 25. Qd1 fxe4 26. Bc7 d3 27. Bxb8 Qxb8 28. Rc1 Qxd6 29. Re1 Bd4 30. Nxg6+ Qxg6 31. Rf1 e3 0-1